Statistics for Every Formula 1 driver who drove with Robert Kubica in F1

Click here to take the quiz!

General Stats

  • This quiz has been taken 139 times
  • The average score is 41 of 62

Answer Stats

HintAnswer% Correct
SpainFernando Alonso
98%
Great BritainLewis Hamilton
94%
FinlandKimi Raikkonen
93%
GermanyMichael Schumacher
93%
GermanyMick Schumacher
93%
GermanyRalf Schumacher
93%
MonacoCharles Leclerc
92%
NetherlandsMax Verstappen
92%
MexicoSergio Perez
92%
ThailandAlex Albon
91%
SpainCarlos Sainz
90%
AustraliaDaniel Ricciardo
90%
Great BritainGeorge Russell
89%
GermanySebastian Vettel
88%
DenmarkKevin Magnussen
87%
CanadaLance Stroll
87%
FrancePierre Gasly
87%
FinlandValtteri Bottas
87%
BrazilFelipe Massa
86%
Great BritainLando Norris
83%
AustraliaMark Webber
82%
FranceEsteban Ocon
81%
JapanKamui Kobayashi
77%
GermanyNico Rosberg
77%
RussiaDanill Kvyat
76%
RussiaNikita Mazepin
76%
BrazilRubens Barrichello
76%
ItalyGiancarlo Fisichella
75%
Great BritainJenson Button
75%
CanadaNicholas Latifi
75%
GermanyNico Hulkenberg
75%
FranceRomain Grosjean
75%
RussiaVitaliy Petrov
75%
ItalyAntonio Giovinazzi
74%
FinlandHeikki Kovalainen
74%
JapanYuki Tsunoda
70%
GermanyNick Heidfeld
68%
BrazilBruno Senna
67%
ItalyJarno Trulli
66%
SpainPedro de la Rosa
62%
JapanTakuma Sato
61%
SwitzerlandSebastien Buemi
57%
GermanyAdrian Sutil
56%
GermanyTimo Glock
50%
BrazilNelson Piquet
47%
AustriaAlexander Wurz
45%
USAScott Speed
44%
Great BritainDavid Coulthard
43%
IndiaKarun Chandhok
42%
JapanKazuki Nakajima
40%
PortugalTiago Monteiro
36%
SpainJaime Alguersuari
35%
AustriaChristian Klien
30%
ItalyVitantonio Liuzzi
28%
JapanSakon Yamamoto
27%
FranceSebastien Bourdais
27%
NetherlandsChristian Albers
25%
NetherlandsRobert Doornbos
23%
BrazilLucas di Grassi
21%
GermanyMarkus Winkelhock
20%
Great BritainAnthony Davidson
17%
ItalyLuca Badoer
15%

Score Distribution

Percentile by Number Answered

Percent of People with Each Score

Your Score History

You have not taken this quiz